Discurso (Record no. 158055)

MARC details
000 -LEADER
campo de control de longitud fija 00861nam a2200193 i 4500
001 - NÚMERO DE CONTROL
campo de control 158055
003 - IDENTIFICADOR DE NÚMERO DE CONTROL
campo de control ES-MaACL
005 - FECHA Y HORA DE LA ÚLTIMA TRANSACCIÓN
campo de control 20250807081309.0
008 - DATOS DE LONGITUD FIJA--INFORMACIÓN GENERAL
campo de control de longitud fija 931025s1889 sp |||| | spa d
040 ## - FUENTE DE CATALOGACIÓN
Centro catalogador/agencia de origen AS
Lengua de catalogación spa
Centro/agencia transcriptor PAB
100 1# - ENTRADA PRINCIPAL--NOMBRE DE PERSONA
Nombre de persona López Pérez, Gabriel.
9 (RLIN) 129220
245 10 - MENCIÓN DEL TÍTULO
Título Discurso
Resto del título : leido en la Universidad literaria de Salamanca para la apertura del Curso Académico de 1889 a 1890 /
Mención de responsabilidad, etc. por Gabriel López Pérez.
260 ## - PUBLICACIÓN, DISTRIBUCIÓN, ETC.
Lugar de publicación, distribución, etc. Salamanca :
Nombre del editor, distribuidor, etc. [s.n.],
Fecha de publicación, distribución, etc. 1889 (
Fabricante Imprenta de Francisco Nuñez Izquierdo)
300 ## - DESCRIPCIÓN FÍSICA
Extensión 39 p. ;
Dimensiones 30 cm.
650 #7 - PUNTO DE ACCESO ADICIONAL DE MATERIA--TÉRMINO DE MATERIA
Término de materia o nombre geográfico como elemento de entrada Matrimonio
Fuente del encabezamiento o término embne
9 (RLIN) 14855
710 0# - ENTRADA AGREGADA--NOMBRE DE ENTIDAD CORPORATIVA
Nombre de entidad corporativa o nombre de jurisdicción como elemento de entrada Universidad Literaria de Salamanca.
9 (RLIN) 7390
852 ## - LOCALIZACIÓN
Ubicación ES-MaACL
Número de control de estantería T-497-F-6
Nota libre -- Enc. hol.
condición física -- Falto de la cub. original
Nota libre -- Enc. en un vol. facticio
Encuadernación -- Edic.: Tema del discurso: Concepto médico-social del matrimonio
Holdings
Estatus retirado Estado de pérdida Estado de daño No para préstamo Colección Biblioteca de origen Biblioteca actual Ubicación en estantería Fecha de adquisición Total de préstamos Signatura topográfica completa Código de barras Visto por última vez Precio de reemplazo Tipo de ítem Koha
        Colección de folletos Biblioteca del Ateneo de Madrid Biblioteca del Ateneo de Madrid Depósito folletos 17/01/2008   T-497-F-6 1165419 23/02/2023 23/02/2023 Folleto